| LEADER 01174nam 2200277 a 4500 |
| 001 12334105407 |
| 003 ULIB |
| 008 030417s2551 th a sb 001 0 tha |
| 020 ^a9744820357
|
| 060 4 ^aWE304^bส241น 2551
|
| 100 0 ^aสมชาย เอื้อรัตนวงศ์
|
| 245 10 ^aแนวทางการดูแลผู้ป่วยโรคข้อ =^bApproach to joint disease patient /^cสมชาย เอื้อรัตนวงศ์
|
| 246 30 ^aApproach to joint disease patient
|
| 250 ^aพิมพ์ครั้งที่ 3
|
| 260 ^aกรุงเทพฯ :^bเรือนแก้วการพิมพ์,^c2551
|
| 300 ^a402 หน้า :^bภาพประกอบ
|
| 650 7 ^aกระดูกและข้ออักเสบ
|
| 650 7 ^aข้อ, โรค
|
| 650 7 ^aข้อ, โรค^xการรักษา
|
| 650 7 ^aรูมาติสม
|
| 913 ^aImported by ULIBM Administrator
|
| 949 ^aImport form external file by ULIBM system
|
| 999 ^aสุณิสา
|